| 000 | 00469nam a22001697a 4500 | ||
|---|---|---|---|
| 003 | OSt | ||
| 005 | 20250327110628.0 | ||
| 008 | 250204s2011 ag ||||| |||| 00| 1 spa d | ||
| 020 | _a9789870422440 | ||
| 040 | _cbesoc | ||
| 100 | 1 |
_aCortázar, Julio, _d1914-1984, _eautor |
|
| 245 | 1 | 0 |
_aQueremos tanto a Glenda / _cJulio Cortázar |
| 260 |
_aBuenos Aires : _bAlfaguara, _c2011 |
||
| 300 | _a202 p. | ||
| 650 | 4 |
_aLiteratura argentina _xCuentos _ySiglo XX |
|
| 942 |
_2udc _cOG _n0 |
||
| 999 |
_c460 _d460 |
||